Statistics for WWII Weapons

Click here to take the quiz!

General Stats

  • This quiz has been taken 266 times
  • The average score is 8 of 15

Answer Stats

Hint Answer % Correct
Most common German tanksPanzer
86%
German issued sub-machine gunMP40
83%
Most common model of Allied tanksSherman
73%
Standard issue weapon for the American InfantryM1 Garand
71%
American anti-tank weaponBazooka
68%
Standard issue German officer side arm at the start of the warLuger
67%
Lightweight, cheap weapon issued to British paratroops and special forces; Could use captured ammunitionSten Mk II
66%
HIghly feared German machine gunMG42
63%
Standard issue bolt action rifle of the British InfantryLee Enfield
60%
Standard issue American side armColt M1911
53%
Issued to American NCOsThompson
51%
Replaced the aboveWalther P38
39%
Allied nickname for German Stalinhandgrenate grenadesPotato Masher
34%
German anti-tank weaponPanzershrek
28%
German issued bolt action rifleKar88
1%

Score Distribution

Percentile by Number Answered

Percent of People with Each Score

Your Score History

You have not taken this quiz